| 000 | 00685nam a22001937a 4500 | ||
|---|---|---|---|
| 005 | 20171016160411.0 | ||
| 010 | _a1718CH-EN | ||
| 020 |
_a9780143333951 _c199.00 |
||
| 035 | _aB-673206-221 | ||
| 037 |
_aDPL _bBSB |
||
| 082 | _aS | ||
| 100 | _aNataraj, Malavika | ||
| 245 |
_aSuraya's gift: the story catcher children / _cby Malavika Nataraj |
||
| 260 |
_aGurgaon _bPuffin Book _c2015 |
||
| 270 |
_a7th Floor, Infinity Tower C, DLF Cyber City, _bGurgaon _e122002 |
||
| 300 |
_a61p. _c19cm(pbk) |
||
| 942 |
_2ddc _cCH _mNAT _hS |
||
| 999 |
_c141645 _d141645 |
||